| 000 | 00856nam a22002417a 4500 | ||
|---|---|---|---|
| 999 |
_c310982 _d310982 |
||
| 001 | 24701 | ||
| 003 | UA-OsUOA | ||
| 005 | 20200125215658.0 | ||
| 007 | ta | ||
| 008 | 20040226b un ||||| |||| 00| 0 ukr d | ||
| 020 | _a5-7768-0487-6 | ||
| 040 |
_aUA-OsUOA _bukr _cUA-OsUOA _dUA-OsUOA |
||
| 041 | _aukr | ||
| 044 | _aUA | ||
| 080 | _a340.12(091)(477) | ||
| 090 |
_a340.12(091)(477) _bІ90 |
||
| 245 |
_aІсторія держави і права України. Ч. 2 _bпідручник для юридичних вищих навч. закладів і факультетів _cА. Й. Рогожин |
||
| 260 |
_aХарків _bОснова _c1996 |
||
| 300 | _a480 с. | ||
| 650 | 7 |
_a340 Право в цілому. Пропедевтика. Методи та допоміжні правничі науки _2UDC |
|
| 942 |
_cBK _2udc |
||
| 955 | _a2 | ||